[Event "Schleswig Holstein-ch Veterans 60th"]
[Site "Germany"]
[Date "2005.10.10"]
[Round "1"]
[White "Engels, Gerd"]
[Black "Deuss, Reinhard Uve"]
[Result "1-0"]
[WhiteElo "1771"]
[BlackElo "1593"]
[PlyCount "103"]
[EventDate "2005.10.10"]
[EventType "swiss"]
[EventRounds "9"]
[EventCountry "GER"]
[SourceTitle "EXT 2010"]
[Source "ChessBase"]
[SourceDate "2010.11.25"]
[SourceVersion "1"]
[SourceVersionDate "2010.11.25"]
[SourceQuality "1"]

1. d4 d5 2. Nf3 Bf5 3. c4 e6 4. Nc3 Nf6 5. Qb3 b6 6. Bg5 dxc4 7. Qxc4 Be7 8. e3 0-0 9. Nh4 Nd5 10. Bxe7 Nxe7 11. Nxf5 Nxf5 12. Be2 Nd7 13. 0-0 c5 14. dxc5 Nxc5 15. Rfd1 Qe7 16. Rac1 Rac8 17. Qf4 Rfd8 18. Nd5 exd5 19. Qxf5 Qe6 20. Bg4 Rb8 21. b4 Qxf5 22. Bxf5 Ne6 23. Kf1 Rb7 24. Rc6 Re7 25. Rdc1 g6 26. Bxe6 fxe6 27. Rc8 Rxc8 28. Rxc8+ Kg7 29. Ke2 Kf6 30. Kd3 g5 31. Kd4 Rd7 32. Rc6 h5 33. f3 Rg7 34. g3 Rd7 35. a4 Rf7 36. Rc8 Rd7 37. f4 Rg7 38. Rh8 gxf4 39. exf4 Rc7 40. Rh6+ Kg7 41. Rxe6 Rc4+ 42. Kxd5 Rxb4 43. Re7+ Kf6 44. Rxa7 Rb2 45. Rc7 Kf5 46. Kc6 Rc2+ 47. Kxb6 Rxh2 48. Rc5+ Kg6 49. a5 Rg2 50. a6 Rb2+ 51. Rb5 Ra2 52. a7 1-0